• 首页
  • 本馆介绍
  • 公告通知
  • 最新文献
  • 馆藏检索
  • 电子资源
  • 读者导购
  • 参考咨询
  • 我的图书馆
  • 登录
  • 详细信息显示
  • 放入我的书架
  • 预约/预借图书
  • 作者相关作品
  • 分类相关作品
  • 丛书相关作品
  • 出版社相关作品

书目信息

  • 表格格式
  • 工作单格式
  • 卡片格式
题名:
电脑维修专业技能培训教程
    
 
作者: 陈玉仑 编著
分册:  
出版信息: 北京   兵器工业出版社  2004
页数: 442页
开本: 26cm
丛书名: 成功路上加油站丛书
单 册:
中图分类: TP307
科图分类:
主题词: 电子计算机--维修--教材 , 电子计算机
电子资源:
ISBN: 7-80172-169-1
000 00856oam2 2200253 450
001 002651939
005 20061101082431.23
010    @a7-80172-169-1@dCNY35.00
100    @a20040527d2004 em y0chiy0110 ea
101 0  @achi
102    @aCN@b110000
105    @aa z 000yy
200 1  @a电脑维修专业技能培训教程@9dian nao wei xiu zhuan ye ji neng pei xun jiao cheng@f陈玉仑编著
210    @a北京@c兵器工业出版社@c北京希望电子出版社@d2004
215    @a442页@c图@d26cm
225 2  @a成功路上加油站丛书
330    @a本书以市场上广泛应用的PentiumII、IV电脑及相关技术为对象,详细讲解电脑的基本构成,电脑软、硬故障分析及诊断方法。
461  0 @12001 @a成功路上加油站丛书
606 0  @a电子计算机@x维修@j教材
606 0  @a电子计算机
690    @aTP307@v4
701  0 @a陈玉仑@9chen yu lun@4编著
801  0 @aCN@bNLC@c20061101
905    @a10447@dTP307@e407
    
    电脑维修专业技能培训教程/陈玉仑编著.-北京:兵器工业出版社:北京希望电子出版社,2004
    442页:图;26cm.-(成功路上加油站丛书)
    
    
    ISBN 7-80172-169-1:CNY35.00
    本书以市场上广泛应用的PentiumII、IV电脑及相关技术为对象,详细讲解电脑的基本构成,电脑软、硬故障分析及诊断方法。
●
相关链接 在E读中查询图书 在五车中查询图书 在当当中查询图书 在豆瓣中查询图书


正题名:电脑维修专业技能培训教程     索取号:TP307/407         预约/预借

序号 登录号 条形码 馆藏地/架位号 状态 备注
1 0386875   203868751   第二样本阅览室/ [索取号:TP307/407] 在馆    
2 0386876   203868760   第三借阅区/ [索取号:TP307/407] 在馆    
3 0386877   203868779   第三借阅区/ [索取号:TP307/407] 在馆    
唐山师范学院图书馆 欢迎您!
大连网信软件有限公司© 版权所有